| 000 | 00554nam a2200205 a 4500 | ||
|---|---|---|---|
| 001 | BRCA_6508 | ||
| 005 | 20190320205502.0 | ||
| 008 | 270911s1913----gw-a######---#000-0#ger-# | ||
| 041 | _ager | ||
| 044 | _agw | ||
| 050 | 4 |
_aPZ3 _b.H333He 1913 |
|
| 100 | 1 |
_aHabberton, John _d1842-1921 _916259 |
|
| 245 | 1 | 0 |
_aHelenens Kinderchen und anderer Leute Kinder _cJohn Habberton. |
| 260 |
_aEstrasburgo _bJosef Singer _c1913 |
||
| 300 |
_a522 p. _bil. _c18 cm. |
||
| 500 | _aL44 | ||
| 650 | 1 | 4 |
_aLiteratura estadounidense _916260 |
| 902 | _aGFM | ||
| 942 |
_2lcc _cB |
||
| 999 |
_c6192 _d6192 |
||